1943 1208 1604 1308 1920 1803 1822 1085 1755 1802 1817 1299 1064 1056 1886 1903 1441 1717 1036 1779 1542 1845 1777 1557 1129 1502 1848 1939 1077 1285 1996 1791 1299 1481 1533 1293 1841 1439 1068 1149 1354 1143 1452 1113 1077 1493 1587 1510 1792 1222 1250 1399 1654 1709 1834 1919 1509 1390 1143 1492 1903 1294 1269 1376 1795 1385 1114 1136 1623 1490 1702 1645 1470 1173 1538 1835 1651 1931 1934 1982 1906 1773 1151 1789 1754 1230 1687 1667 1910 1772 1506 1889 1736 1077 1125 1397 1427 1051 1079 BCNSPRNW ULIB Ver.6.0+V

เปลี่ยนเป็นภาษาไทย

Change to English
 แสดงรายละเอียดบรรณานุกรม
  กลับหน้าหลัก

Brief Record : Get Marc (ISO 2709) : E-mail record : QR code < ปิดหน้าต่าง
LEADER : 00000nam a2200000 a 4500
001    13399114294
003     ULIB
008    101221s2551 th 000 0 tha d
020    ^a9789741108305
040    ^abns
060 04 ^aWM105^bส867จ
100 0  ^aสุรีย์ กาญจนวงศ์
245 10 ^aจิตวิทยาสุขภาพ =^bHealth psychology /^cสุรีย์ กาญจนวงศ์
246 31 ^aHealth psychology
250    ^aพิมพ์ครั้งที่ 2
260    ^aนครปฐม :^bคณะสังคมศาสตร์และมนุษยศาสตร์ มหาวิทยาลัยมหิดล,^c2553
300    ^a192 หน้า ;^c23 ซม.
500    ^aSend to Single Search
650  4 ^aจิตวิทยา
650  4 ^aความเครียดทางจิต
650  4 ^aพฤติกรรมสุขภาพ
650  4 ^aสุขภาพจิต
710 2  ^aมหาวิทยาลัยมหิดล. ^bคณะสังคมศาสตร์และมนุษยศาสตร์
945    ^p250^l0^i031350
945    ^p250^l0^i031351
945    ^p250^l0^i031352
995    ^aทศพร
999 ^a ทศพร
รายการนี้ยังไม่มีแท็ก
คุณยังไม่ได้ล็อกอิน คุณสามารถมีกิจกรรมร่วมกับเว็บไซต์ได้ แต่ต้องล็อกอินก่อน ::
  ล็อกอิน

รายการสื่อสารสนเทศ

ลำดับที่ ประเภท เลขเรียก/บาร์โค้ด สถานที่ สถานะ
1. วิทยาศาสตร์การแพทย์ และสุขภาพ
หนังสือสำรอง
สถานะ=หนังสือสำรอง
WM105 ส867จ ฉ.1 
  Barcode: 031350
ห้องสมุดวิทยาเขตสวรรค์ประชารักษ์
►ส่วนจัดเก็บหนังสือเก่า สปร
บนชั้น
  ขอยืม
2. วิทยาศาสตร์การแพทย์ และสุขภาพ
วิทยาศาสตร์การแพทย์ และสุขภาพ
WM105 ส867จ ฉ.2 
  Barcode: 031351
ห้องสมุดวิทยาเขตสวรรค์ประชารักษ์
►ส่วนจัดเก็บหนังสือเก่า สปร
บนชั้น
  ขอยืม
3. วิทยาศาสตร์การแพทย์ และสุขภาพ
วิทยาศาสตร์การแพทย์ และสุขภาพ
WM105 ส867จ ฉ.3 
  Barcode: 031352
ห้องสมุดวิทยาเขตสวรรค์ประชารักษ์
►ส่วนจัดเก็บหนังสือเก่า สปร
บนชั้น
  ขอยืม

รายการใกล้เคียง
    ผู้แต่ง [สุรีย์ กาญจนวงศ์]

    หัวเรื่อง [จิตวิทยา]
    หัวเรื่อง [ความเครียดทางจิต]
    หัวเรื่อง [พฤติกรรมสุขภาพ]
    หัวเรื่อง [สุขภาพจิต]

BibComment


ยังไม่เคยถูกคอมเมนท์

คอมเมนท์ทรัพยากรรายการนี้
  คอมเมนท์: จิตวิทยาสุขภาพ ..


 Copyright 2026. Bcnsprnw @Library